| 000 | 00609nam a2200181Ia 4500 | ||
|---|---|---|---|
| 008 | 100920s9999 xx 000 0 und d | ||
| 082 |
_b90600 _a28 व 891 थ 98 |
||
| 100 | _aमहाजन जगन्नाथ भ. | ||
| 245 | _aजादूची पेटी. | ||
| 260 |
_bअनमोल प्रकाशन, पुणें 2. _c1998 |
||
| 300 |
_a32 _bसाधी |
||
| 365 | _b5 | ||
| 520 | _aबा.वि.लघुकथा. | ||
| 630 | _aजादूची पेटी. | ||
| 650 | _aबा.वि.लघुकथा. | ||
| 730 | _aजादूची पेटी. | ||
| 942 | _cBOOK | ||
| 999 |
_c731085 _d731082 |
||